A mis-signalling problem? the troubled performance relationship between credit unions and local government in the UK (Record no. 48961)

000 -LEADER
fixed length control field 00511pab a2200169 454500
008 - FIXED-LENGTH DATA ELEMENTS--GENERAL INFORMATION
fixed length control field 180718b2001 xxu||||| |||| 00| 0 eng d
100 ## - MAIN ENTRY--PERSONAL NAME
Personal name Davis, Paul
245 ## - TITLE STATEMENT
Title A mis-signalling problem? the troubled performance relationship between credit unions and local government in the UK
260 ## - PUBLICATION, DISTRIBUTION, ETC.
Date of publication, distribution, etc. 2001
300 ## - PHYSICAL DESCRIPTION
Extent p.1-18
362 ## - DATES OF PUBLICATION AND/OR SEQUENTIAL DESIGNATION
Dates of publication and/or sequential designation Spring
650 ## - SUBJECT ADDED ENTRY--TOPICAL TERM
Topical term or geographic name entry element Local government - Great Britain
650 ## - SUBJECT ADDED ENTRY--TOPICAL TERM
Topical term or geographic name entry element Local government
700 ## - ADDED ENTRY--PERSONAL NAME
Personal name Brockie, Chris
773 ## - HOST ITEM ENTRY
Main entry heading Local Government Studies
909 ## -
-- 48961
Holdings
Withdrawn status Lost status Damaged status Not for loan Permanent Location Current Location Date acquired Serial Enumeration / chronology Barcode Date last seen Price effective from Koha item type
        Indian Institute of Public Administration Indian Institute of Public Administration 2018-07-19 Volume no: 27, Issue no: 1 AR49389 2018-07-19 2018-07-19 Articles

Powered by Koha